[Event "Kieler Open 2014-B"]
[Site "Kiel"]
[Date "2014.08.06"]
[Round "7.2"]
[White "Schumacher, Horst"]
[Black "Slesicki, Andreas"]
[Result "0-1"]
[WhiteElo "1809"]
[BlackElo "1623"]
[PlyCount "56"]
[EventDate "2014.??.??"]
[WhiteTeam "Holtenau"]
[BlackTeam "Doppelbauer Kiel"]

1. e4 c5 2. d4 cxd4 3. c3 dxc3 4. Nxc3 d6 5. Nf3 Nc6 6. Bc4 Nf6 7. O-O Bg4 8.
Qb3 Be6 9. Bxe6 fxe6 10. Qxe6 Qd7 11. Qxd7+ Nxd7 12. Be3 Nc5 13. Rfd1 g6 14.
Rac1 Bg7 15. Bxc5 dxc5 16. Nd5 Rb8 17. Nc7+ Kf7 18. Ng5+ Kg8 19. Rxc5 Bxb2 20.
Rb1 Rc8 21. Nce6 h6 22. Rxb2 hxg5 23. Rxb7 Kf7 24. Nxg5+ Kf6 25. f4 Rhd8 26.
e5+ Kf5 27. e6+ Kxf4 28. Rb4+ Nxb4 0-1

[Event "Kieler Open 2014-B"]
[Site "Kiel"]
[Date "2014.08.06"]
[Round "7.3"]
[White "Bosselmann, Tom Linus"]
[Black "Eberhardt, Michael"]
[Result "1/2-1/2"]
[WhiteElo "1535"]
[BlackElo "1723"]
[PlyCount "63"]
[EventDate "2014.??.??"]
[WhiteTeam "Lübeck"]
[BlackTeam "Agon Neum?"]

1. d4 d5 2. c4 c6 3. Nf3 Bf5 4. Nbd2 e6 5. g3 h6 6. Bg2 Nf6 7. O-O Nbd7 8. a3
a5 9. Re1 Bd6 10. b3 O-O 11. Bb2 Re8 12. Nh4 Bh7 13. e4 dxe4 14. Nxe4 Nxe4 15.
Bxe4 Nf6 16. Bxh7+ Kxh7 17. Qd3+ Kh8 18. f4 e5 19. fxe5 Bxe5 20. Rad1 Bd6 21.
Rxe8+ Qxe8 22. Nf5 Bf8 23. d5 cxd5 24. Bxf6 gxf6 25. cxd5 Bc5+ 26. Kh1 Rd8 27.
Qf3 Bf8 28. Kg2 Qe5 29. Rd4 Bxa3 30. Rh4 Qxd5 31. Rxh6+ Kg8 32. Qxd5 1/2-1/2

[Event "Kieler Open 2014-B"]
[Site "Kiel"]
[Date "2014.08.06"]
[Round "7.4"]
[White "Roca Llorca, Josep"]
[Black "Gutschenreiter, Donato"]
[Result "0-1"]
[WhiteElo "1717"]
[BlackElo "1392"]
[PlyCount "82"]
[EventDate "2014.??.??"]
[BlackTeam "Flensburg"]

1. d4 d5 2. Bf4 e6 3. e3 Nf6 4. Nd2 c5 5. c3 Nc6 6. Bd3 Qb6 7. Rb1 Be7 8. Ngf3
h6 9. Ne5 O-O 10. Qf3 cxd4 11. exd4 Re8 12. Qh3 Qd8 13. Ndf3 Bf8 14. Bg5 hxg5
15. Nxg5 Nxe5 16. dxe5 Be7 17. exf6 Bxf6 18. Nf3 g6 19. Bb5 Re7 20. O-O Qa5 21.
Be2 Qxa2 22. Rfd1 Bxc3 23. Ng5 Bxb2 24. Qh7+ Kf8 25. Qh6+ Bg7 26. Qh4 Qxe2 27.
Nh7+ Ke8 28. Nf6+ Bxf6 29. Qxf6 Qh5 30. Qg7 b6 31. Rdc1 f5 32. Qe5 Qh7 33. Rb3
Qg7 34. Qd6 Bb7 35. Rbc3 Rd8 36. Qa3 d4 37. Rc4 Bd5 38. Qa4+ Kf8 39. Rxd4 Rc7
40. Qb4+ Kg8 41. Rcd1 Rdc8 0-1

[Event "Kieler Open 2014-B"]
[Site "Kiel"]
[Date "2014.08.06"]
[Round "7.5"]
[White "Schmidt, Niko"]
[Black "Herrmann, Sabine"]
[Result "1-0"]
[WhiteElo "1811"]
[BlackElo "1537"]
[PlyCount "50"]
[EventDate "2014.??.??"]
[WhiteTeam "Kaltenkirchen"]
[BlackTeam "SF Hamburg"]

1. e4 e5 2. Nf3 d6 3. d4 exd4 4. Nxd4 Nf6 5. Nc3 c5 6. Nf3 Be6 7. Bf4 Qb6 8.
Rb1 Nbd7 9. Be2 Be7 10. O-O O-O 11. Ng5 Rad8 12. Nxe6 fxe6 13. Be3 Ne5 14. f4
Ng6 15. Bc4 d5 16. exd5 Rd6 17. b4 Rd7 18. bxc5 Qd8 19. d6 Kf7 20. f5 Nd5 21.
fxe6+ Ke8 22. exd7+ Qxd7 23. Qxd5 Bf6 24. Bb5 Bxc3 25. Bxd7+ Kxd7 1-0

[Event "Kieler Open 2014-B"]
[Site "Kiel"]
[Date "2014.08.06"]
[Round "7.6"]
[White "Dao, Joerg"]
[Black "Pape, Rainer"]
[Result "0-1"]
[WhiteElo "1426"]
[BlackElo "1891"]
[PlyCount "92"]
[EventDate "2014.??.??"]
[BlackTeam "Quickborn"]

1. d4 Nf6 2. f3 d5 3. Be3 e6 4. a3 Nbd7 5. g4 c5 6. c3 cxd4 7. cxd4 Nb6 8. Nd2
Bd6 9. Bf2 h5 10. g5 Nfd7 11. h4 Nf8 12. e3 Bd7 13. Bd3 Rc8 14. Rc1 Ba4 15.
Rxc8 Qxc8 16. b3 Bd7 17. a4 Bb4 18. Ke2 Ng6 19. Qc2 O-O 20. Bxg6 fxg6 21. Qxg6
Be8 22. Qd3 a6 23. f4 Qc1 24. Be1 Nc8 25. Qb1 Bxd2 26. Qxc1 Bxc1 27. Bb4 Rf7
28. Nf3 Rc7 29. Ne5 Bb2 30. Nd3 Rc2+ 31. Kd1 Rg2 32. Nc5 b5 33. a5 Nd6 34. Nxa6
Ne4 35. Be1 Bc3 36. Nc7 Bxe1 37. Rxe1 Ra2 38. a6 Bg6 39. a7 Rxa7 40. Nxe6 Ra2
41. Kc1 Ra1+ 42. Kc2 Rxe1 43. Kb2 b4 44. Nc7 Re2+ 45. Ka1 Nc3 46. e4 Ra2# 0-1

[Event "Kieler Open 2014-B"]
[Site "Kiel"]
[Date "2014.08.06"]
[Round "7.7"]
[White "Busse, Gerd"]
[Black "Isler, Benjamin"]
[Result "1/2-1/2"]
[WhiteElo "1835"]
[BlackElo "1274"]
[PlyCount "89"]
[EventDate "2014.??.??"]
[WhiteTeam "Quickborn"]
[BlackTeam "Flensburg"]

1. e4 e6 2. d4 d5 3. Nc3 Nf6 4. exd5 exd5 5. Bd3 c5 6. dxc5 Bxc5 7. Nf3 Be6 8.
O-O Qb6 9. Na4 Qc7 10. Nxc5 Qxc5 11. Bf4 Nbd7 12. Re1 h6 13. a3 Qb6 14. b4 Ng4
15. Bg3 a6 16. Nh4 O-O 17. Nf5 h5 18. Nd4 g6 19. Nf3 Rac8 20. Qd2 Qc6 21. h3
Ngf6 22. Ne5 Qc3 23. Qh6 Rfe8 24. Bh4 Nxe5 25. Bxf6 Nf3+ 26. gxf3 Qxf6 27. Kg2
Bxh3+ 28. Kg3 Bf5 29. Rh1 Bxd3 30. cxd3 Rc3 31. Rae1 Rxe1 32. Rxe1 Rc8 33. Kg2
Qh8 34. Qg5 Qc3 35. Re3 Qxa3 36. Re7 Qxb4 37. Rd7 Qb5 38. Rxd5 Qb3 39. Rd7 b5
40. Qf6 a5 41. Qa6 Rc1 42. Rd8+ Kg7 43. Qd6 Re1 44. Qf8+ Kf6 45. Qd6+ 1/2-1/2

[Event "Kieler Open 2014-B"]
[Site "Kiel"]
[Date "2014.08.06"]
[Round "7.8"]
[White "Zielke, Bernd"]
[Black "Bockelmann, Fred"]
[Result "1-0"]
[WhiteElo "1699"]
[BlackElo "1704"]
[PlyCount "79"]
[EventDate "2014.??.??"]
[WhiteTeam "Holtenau"]
[BlackTeam "Kieler SG"]

1. e4 e5 2. c3 d5 3. Nf3 Bg4 4. Be2 Bxf3 5. Bxf3 Nf6 6. d3 dxe4 7. Qa4+ c6 8.
dxe4 Be7 9. O-O O-O 10. h3 Nbd7 11. Be3 Nc5 12. Qc2 Qd3 13. Qxd3 Nxd3 14. b3 a5
15. a4 Nc5 16. Nd2 Rad8 17. Ra2 Rd3 18. Rc1 Rfd8 19. Be2 R3d7 20. f3 Nd3 21.
Rb1 Nh5 22. Nc4 Ng3 23. Nxa5 Nxe2+ 24. Rxe2 Bc5 25. Nc4 Nf4 26. Rc2 Bxe3+ 27.
Nxe3 Rd2 28. Rbb2 R2d3 29. Nc4 f6 30. Kh2 Kf7 31. Na5 Rb8 32. b4 Ke6 33. Nb3 b6
34. a5 Rd6 35. axb6 Nd3 36. Ra2 Rd7 37. Ra7 Rxb6 38. Rxd7 Kxd7 39. Rd2 Kc7 40.
Rxd3 1-0

[Event "Kieler Open 2014-B"]
[Site "Kiel"]
[Date "2014.08.06"]
[Round "7.9"]
[White "Sowa, Kay"]
[Black "Rommeck, Christiane"]
[Result "1-0"]
[WhiteElo "1452"]
[BlackElo "1442"]
[PlyCount "41"]
[EventDate "2014.??.??"]
[WhiteTeam "Doppelbauer Kiel"]
[BlackTeam "Flintbek"]

1. e4 d6 2. d4 g6 3. Be3 Bg7 4. Nc3 Nd7 5. Bc4 e5 6. dxe5 Nxe5 7. Bb3 Ne7 8. f3
O-O 9. Qd2 Be6 10. Bh6 Nc4 11. Bxc4 Bxc4 12. Bxg7 Kxg7 13. Qd4+ Kg8 14. Qxc4
Nc6 15. h4 Qf6 16. O-O-O Ne5 17. Qe2 Qe6 18. g4 b5 19. Kb1 b4 20. Nd5 Qd7 21.
Nf6+ 1-0

[Event "Kieler Open 2014-B"]
[Site "Kiel"]
[Date "2014.08.06"]
[Round "7.10"]
[White "Lange, Edgar"]
[Black "Stolzenwald, Frank"]
[Result "0-1"]
[WhiteElo "1481"]
[BlackElo "1628"]
[PlyCount "136"]
[EventDate "2014.??.??"]
[WhiteTeam "Kieler SG"]
[BlackTeam "SF Hamburg"]

1. e4 e5 2. Nf3 Nf6 3. Nxe5 d6 4. Nf3 Nxe4 5. d4 Qe7 6. Be3 g6 7. Be2 Bg7 8.
O-O O-O 9. Nbd2 f5 10. Nxe4 fxe4 11. Nd2 d5 12. c4 c6 13. c5 a5 14. a3 Na6 15.
b4 Nc7 16. Nb3 a4 17. Na5 Ne6 18. Bg4 Nf4 19. Bxc8 Raxc8 20. Qg4 h5 21. Qd1 Ne6
22. Rb1 Rf7 23. b5 Qf6 24. bxc6 bxc6 25. Rb4 Ra7 26. Nb7 Rca8 27. Qb1 Bf8 28.
Qb2 Nf4 29. Bxf4 Qxf4 30. Rb6 Qc7 31. Rb1 Kf7 32. Nd6+ Bxd6 33. cxd6 Qxd6 34.
Rb7+ Kf6 35. Qc3 g5 36. Qe3 Rxb7 37. Rxb7 Rb8 38. Rxb8 Qxb8 39. h4 Qf4 40. Qc3
Qd6 41. Qe3 gxh4 42. Qh6+ Ke7 43. Qh7+ Kd8 44. Qxh5 Qxa3 45. Qxh4+ Kc7 46. Qh8
Qb4 47. Qe5+ Qd6 48. Qg7+ Kb6 49. Qg8 a3 50. Qa8 Qe7 51. Qa4 Kc7 52. Qa7+ Kd8
53. Qa8+ Kd7 54. Qb7+ Kd6 55. Qb8+ Ke6 56. Qa8 Qd6 57. Qg8+ Kd7 58. Qf7+ Qe7
59. Qf5+ Kc7 60. Qf4+ Qd6 61. Qd2 Kb6 62. Qc3 Kb5 63. Qc2 Qb4 64. Qe2+ Qc4 65.
Qd2 Ka4 66. Qd1+ Kb4 67. Qb1+ Qb3 68. Qe1+ Kc4 0-1

[Event "Kieler Open 2014-B"]
[Site "Kiel"]
[Date "2014.08.06"]
[Round "7.11"]
[White "Schmieder, Kerstin"]
[Black "Serbin, Alexander"]
[Result "0-1"]
[WhiteElo "1683"]
[BlackElo "1373"]
[PlyCount "46"]
[EventDate "2014.??.??"]
[WhiteTeam "Rodewischer Schachmiezen"]
[BlackTeam "Kieler SG"]

1. e4 g6 2. Nf3 Bg7 3. d4 d6 4. Bc4 Nf6 5. Nc3 Nc6 6. Bg5 O-O 7. Qd2 Qd7 8. h3
a6 9. a3 Rb8 10. Bh6 e5 11. Bxg7 Kxg7 12. Rd1 Qe7 13. O-O b5 14. Ba2 Bb7 15.
Qg5 Rfe8 16. Nh4 Bc8 17. dxe5 dxe5 18. Nf5+ Bxf5 19. exf5 h6 20. Qe3 Nd4 21.
fxg6 fxg6 22. Qc1 Nh5 23. Ne4 Ne2+ 0-1

[Event "Kieler Open 2014-B"]
[Site "Kiel"]
[Date "2014.08.06"]
[Round "7.12"]
[White "Kollhoff, Josef"]
[Black "Fleischmann, Yannic"]
[Result "1-0"]
[WhiteElo "1741"]
[BlackElo "1355"]
[PlyCount "89"]
[EventDate "2014.??.??"]
[WhiteTeam "Kieler SG"]
[BlackTeam "Segeberg"]

1. d4 d5 2. Nf3 Nf6 3. e3 e6 4. Bd3 Nbd7 5. O-O c5 6. b3 Qc7 7. Nbd2 a6 8. c4
cxd4 9. exd4 dxc4 10. bxc4 Be7 11. Bb2 O-O 12. Qe2 Re8 13. Rfe1 b6 14. Ne5 Bb7
15. Qe3 Nxe5 16. dxe5 Qc6 17. Qh3 Red8 18. Re3 Rxd3 19. Rxd3 Nh5 20. Qf3 Qxf3
21. Nxf3 Bc5 22. Rad1 Kf8 23. Bc1 h6 24. g4 Be4 25. gxh5 Bxd3 26. Rxd3 Ke7 27.
Kf1 b5 28. cxb5 axb5 29. a3 b4 30. axb4 Bxb4 31. Bd2 Ra1+ 32. Kg2 Bxd2 33. Rxd2
Ra5 34. Nd4 Rd5 35. Nf5+ Kd7 36. Rxd5+ exd5 37. Nxg7 Kc6 38. Kf1 Kc5 39. Nf5 d4
40. Nxh6 Kc4 41. Ke1 Kc3 42. Kd1 d3 43. Nxf7 Kd4 44. h6 Ke4 45. h7 1-0

[Event "Kieler Open 2014-B"]
[Site "Kiel"]
[Date "2014.08.06"]
[Round "7.13"]
[White "Westphal-Stubbe, Siegbert"]
[Black "Koch, Andreas Tigran"]
[Result "1-0"]
[WhiteElo "1833"]
[BlackElo "1214"]
[PlyCount "81"]
[EventDate "2014.??.??"]
[WhiteTeam "Plön"]
[BlackTeam "Eckernförde"]

1. d4 d5 2. c4 e6 3. Nf3 Nf6 4. a3 c6 5. Nc3 Bd6 6. c5 Bc7 7. Bg5 Nbd7 8. e3
O-O 9. e4 h6 10. Bh4 g5 11. Nxg5 hxg5 12. Bxg5 e5 13. f4 exf4 14. e5 Nxe5 15.
dxe5 Bxe5 16. Qd3 Qe7 17. O-O-O Qxc5 18. Kb1 Bxc3 19. Rc1 Ne4 20. Bxf4 Nf2 21.
Qg3+ Bg4 22. h3 Qd4 23. Rxc3 Nxh1 24. Qxg4+ Qg7 25. Qf3 Rae8 26. g3 Qh7+ 27.
Ka2 Re1 28. Bd3 Qxh3 29. Bd6 Rfe8 30. Qf6 Qg4 31. Rb3 Qg7 32. Qh4 Nf2 33. Rb4
R1e6 34. Bf5 Rxd6 35. Qf4 Re5 36. Qxf2 Rf6 37. g4 c5 38. Rxb7 Qxg4 39. Rb8+ Kg7
40. Qh2 Rh6 41. Qxe5+ 1-0

[Event "Kieler Open 2014-B"]
[Site "Kiel"]
[Date "2014.08.06"]
[Round "7.14"]
[White "Weck, Uwe"]
[Black "Untiedt, Urs Arved"]
[Result "1-0"]
[WhiteElo "1693"]
[BlackElo "1180"]
[PlyCount "119"]
[EventDate "2014.??.??"]
[WhiteTeam "Kaltenkirchen"]
[BlackTeam "Agon Neum?"]

1. e4 c5 2. Nf3 d6 3. d4 cxd4 4. Nxd4 Nf6 5. Nc3 a6 6. Bd3 Nc6 7. Be3 g6 8. Qd2
Ng4 9. Nxc6 bxc6 10. Bf4 Bg7 11. h3 Nf6 12. g4 O-O 13. Be2 Rb8 14. Rb1 Qa5 15.
O-O Nd7 16. Nd5 Qd8 17. Nb4 Qb6 18. a3 Ne5 19. Be3 Qc7 20. f4 Nd7 21. Bxa6 Rxb4
22. Bxc8 Rxb2 23. Bxd7 Rxb1 24. Rxb1 Qxd7 25. Rb6 Ra8 26. Qc1 c5 27. Kf2 Qa4
28. e5 Qxa3 29. Qxa3 Rxa3 30. exd6 exd6 31. Rxd6 Bf8 32. Rd8 Kg7 33. Ke2 Ra6
34. Rc8 Ra5 35. c4 Be7 36. Kd3 f5 37. g5 Ra3+ 38. Kd2 Ra4 39. Rc7 Kf8 40. Bxc5
Bxc5 41. Rxc5 Ra3 42. Rd5 Ke7 43. Rd3 Ra2+ 44. Ke3 Ke6 45. Kd4 Rf2 46. Re3+ Kd7
47. Ke5 Ke7 48. c5 Rd2 49. h4 Rd1 50. h5 gxh5 51. Kxf5+ Kf7 52. c6 Rd6 53. Rc3
Rd8 54. c7 Rc8 55. Rc6 Kg7 56. Ke6 h4 57. Kd7 Rxc7+ 58. Rxc7 Kg6 59. Ke6 Kh5
60. Rxh7+ 1-0

[Event "Kieler Open 2014-B"]
[Site "Kiel"]
[Date "2014.08.06"]
[Round "7.15"]
[White "Maaß, Ralf"]
[Black "Dambrowski, Ralf"]
[Result "0-1"]
[WhiteElo "1208"]
[BlackElo "1485"]
[PlyCount "66"]
[EventDate "2014.??.??"]
[WhiteTeam "Flensburg"]
[BlackTeam "Agon Neum?"]

1. d4 Nf6 2. Nf3 e6 3. e3 b6 4. Bd3 Bb7 5. Nbd2 Be7 6. O-O O-O 7. c3 c5 8. Re1
Nc6 9. e4 cxd4 10. cxd4 Rc8 11. e5 Nd5 12. Nc4 Ncb4 13. a3 Nxd3 14. Qxd3 Ba6
15. b3 Qc7 16. Nfd2 Bg5 17. Bb2 Bxd2 18. Qxd2 Bxc4 19. bxc4 Qxc4 20. Rac1 Qa6
21. Rc2 Rxc2 22. Qxc2 Rc8 23. Qe4 Qa4 24. g3 Rc2 25. Bc1 Qc4 26. Be3 g6 27. Rf1
Qe2 28. h4 Nxe3 29. Qxe3 Qxe3 30. fxe3 Rc3 31. Kf2 Rxa3 32. Rc1 Kf8 33. Rc7 Ke7
0-1

[Event "Kieler Open 2014-B"]
[Site "Kiel"]
[Date "2014.08.06"]
[Round "7.16"]
[White "Howe, Dietrich"]
[Black "Steffen, Jörn"]
[Result "0-1"]
[WhiteElo "1742"]
[BlackElo "1314"]
[PlyCount "62"]
[EventDate "2014.??.??"]
[WhiteTeam "Kaltenkirchen"]
[BlackTeam "Flintbek"]

1. Nf3 c5 2. c4 Nf6 3. g3 Nc6 4. Bg2 g6 5. Nc3 Bg7 6. O-O O-O 7. a3 d6 8. Rb1
Rb8 9. b4 cxb4 10. axb4 Nd7 11. b5 Nce5 12. Nxe5 Nxe5 13. Qb3 b6 14. d4 Nd7 15.
e3 Bb7 16. Ne4 Qc7 17. Ba3 Nf6 18. Nxf6+ Bxf6 19. Rfc1 Bxg2 20. Kxg2 Qb7+ 21.
f3 Rfe8 22. Qd3 Qd7 23. Qf1 Qe6 24. Qd3 Rb7 25. c5 dxc5 26. dxc5 Rd7 27. Qe2
Red8 28. Kg1 Rd2 29. Rd1 Rxe2 30. Rxd8+ Kg7 31. c6 Qh3 0-1

[Event "Kieler Open 2014-B"]
[Site "Kiel"]
[Date "2014.08.06"]
[Round "7.18"]
[White "Brockmann, Werner"]
[Black "Salwasser, Christian"]
[Result "1-0"]
[WhiteElo "1415"]
[BlackElo "1035"]
[PlyCount "109"]
[EventDate "2014.??.??"]
[WhiteTeam "Kieler SG"]
[BlackTeam "SC Rastatt"]

1. d4 d5 2. c4 e6 3. Nf3 c5 4. e3 Nc6 5. Nbd2 cxd4 6. exd4 Nf6 7. g3 Bd7 8. Bg2
Be7 9. O-O O-O 10. Re1 Bd6 11. c5 Bc7 12. a3 Qe7 13. b4 b6 14. Nb3 bxc5 15.
Nxc5 Bc8 16. Bg5 h6 17. Be3 Bb6 18. Qd3 a5 19. h3 axb4 20. axb4 Rxa1 21. Rxa1
e5 22. Qc3 Ne4 23. Nxe4 dxe4 24. Nxe5 Nxe5 25. dxe5 Bxe3 26. fxe3 Qg5 27. Kh2
Qh5 28. Qd4 f5 29. exf6 Rxf6 30. Qxe4 Bf5 31. Qd5+ Kh7 32. e4 Bg6 33. Qxh5 Bxh5
34. g4 Bg6 35. Kg3 h5 36. g5 Re6 37. Kf4 Rb6 38. Rb1 Kg8 39. Ke3 Kf7 40. Kd4
Ke6 41. Kc5 Rb8 42. Rd1 Rc8+ 43. Kb6 Rb8+ 44. Kc7 Rxb4 45. Rd6+ Kf7 46. e5 Bf5
47. Bd5+ Ke7 48. e6 Bxh3 49. Rd7+ Ke8 50. Rxg7 Ra4 51. Kd6 Bxe6 52. Bxe6 Ra6+
53. Ke5 Kd8 54. Rg8+ Kc7 55. g6 1-0

[Event "Kieler Open 2014-B"]
[Site "Kiel"]
[Date "2014.08.06"]
[Round "7.19"]
[White "Aden, Tönjes"]
[Black "Gütschow, Finn Erik"]
[Result "1/2-1/2"]
[WhiteElo "862"]
[BlackElo "943"]
[PlyCount "21"]
[EventDate "2014.??.??"]
[WhiteTeam "Segeberg"]
[BlackTeam "Segeberg"]

1. e4 e6 2. d4 d5 3. exd5 exd5 4. Nc3 Nf6 5. Nf3 Nc6 6. Bb5 Bd7 7. Bg5 Be7 8.
Bxc6 Bxc6 9. O-O O-O 10. Qd3 Bb4 11. a3 {(=)} 1/2-1/2

[Event "Kieler Open 2014-B"]
[Site "Kiel"]
[Date "2014.08.07"]
[Round "8.1"]
[White "Gutschenreiter, Donato"]
[Black "Koch, Ralf-Johannes"]
[Result "0-1"]
[WhiteElo "1392"]
[BlackElo "1750"]
[PlyCount "104"]
[EventDate "2014.??.??"]
[WhiteTeam "Flensburg"]
[BlackTeam "Eckernförde"]

1. e4 d6 2. d4 Nf6 3. Nc3 g6 4. Be3 c6 5. Qd2 Nbd7 6. f3 Nb6 7. O-O-O Qc7 8.
Bd3 Be6 9. Nge2 Nc4 10. Bxc4 Bxc4 11. g4 Bg7 12. h4 h5 13. g5 Nd7 14. f4 O-O
15. f5 Bxe2 16. Qxe2 b5 17. Rhf1 b4 18. Na4 Qa5 19. b3 Nb6 20. f6 exf6 21. gxf6
Bh8 22. Rg1 Bxf6 23. Bg5 Bg7 24. Be7 Rfe8 25. Bxd6 Nxa4 26. bxa4 Qxa4 27. Kb1
Rad8 28. Bc5 Qa5 29. Rge1 Qc7 30. Qf3 Qd7 31. Re2 a5 32. Red2 Qe6 33. Re2 Qg4
34. Qxg4 hxg4 35. e5 Rxe5 36. Rxe5 Bxe5 37. Bb6 Rd5 38. Kb2 Bh2 39. Kb3 g3 40.
Rd2 Rf5 41. Bc7 Rf3+ 42. Kb2 f5 43. d5 cxd5 44. Rxd5 Re3 45. Rxa5 Re4 46. Ra6
Kf7 47. Bxg3 Bxg3 48. Ra7+ Re7 49. Ra4 Bd6 50. c3 Rb7 51. Kb3 f4 52. Kc2 Rc7
0-1

[Event "Kieler Open 2014-B"]
[Site "Kiel"]
[Date "2014.08.07"]
[Round "8.2"]
[White "Slesicki, Andreas"]
[Black "Schmidt, Niko"]
[Result "1/2-1/2"]
[WhiteElo "1623"]
[BlackElo "1811"]
[PlyCount "48"]
[EventDate "2014.??.??"]
[WhiteTeam "Doppelbauer Kiel"]
[BlackTeam "Kaltenkirchen"]

1. c4 e5 2. Nc3 Nf6 3. g3 Nc6 4. Bg2 Bc5 5. d3 O-O 6. Nf3 Re8 7. O-O d5 8. cxd5
Nxd5 9. Bd2 Be6 10. Ne4 Be7 11. Rc1 Nf6 12. Nc5 Bxc5 13. Rxc5 Bxa2 14. b3 e4
15. dxe4 Nxe4 16. Rc1 Qd5 17. Ng5 Qxd2 18. Nxe4 Qxd1 19. Rfxd1 Bxb3 20. Rd7
Rac8 21. Nc5 Be6 22. Nxe6 Rxe6 23. Rb1 Ne5 24. Bxb7 Rb6 {(=)} 1/2-1/2

[Event "Kieler Open 2014-B"]
[Site "Kiel"]
[Date "2014.08.07"]
[Round "8.3"]
[White "Pape, Rainer"]
[Black "Schumacher, Horst"]
[Result "1-0"]
[WhiteElo "1891"]
[BlackElo "1809"]
[PlyCount "53"]
[EventDate "2014.??.??"]
[WhiteTeam "Quickborn"]
[BlackTeam "Holtenau"]

1. e4 d5 2. exd5 Nf6 3. Nc3 c6 4. d4 Nxd5 5. Qf3 Be6 6. Nxd5 Bxd5 7. Qe3 f6 8.
Ne2 Nd7 9. Nf4 e5 10. c4 Bb4+ 11. Bd2 Bxd2+ 12. Qxd2 Bf7 13. dxe5 Nxe5 14. Qc3
Qc7 15. Be2 O-O 16. O-O Nxc4 17. Bxc4 Qxf4 18. Bxf7+ Rxf7 19. Rad1 Qc7 20. Rfe1
Rd8 21. Qb3 Rxd1 22. Rxd1 Kf8 23. Qa3+ Ke8 24. Qxa7 Qc8 25. Qc5 Qc7 26. Qc4 Re7
27. Qg8# 1-0

[Event "Kieler Open 2014-B"]
[Site "Kiel"]
[Date "2014.08.07"]
[Round "8.4"]
[White "Eberhardt, Michael"]
[Black "Zielke, Bernd"]
[Result "1-0"]
[WhiteElo "1723"]
[BlackElo "1699"]
[PlyCount "51"]
[EventDate "2014.??.??"]
[WhiteTeam "Agon Neum?"]
[BlackTeam "Holtenau"]

1. d4 f5 2. e4 fxe4 3. Nc3 Nf6 4. f3 exf3 5. Nxf3 g6 6. Bd3 d6 7. O-O Bg7 8.
Bg5 c6 9. Qd2 Nbd7 10. Rae1 Ng8 11. Ne4 Ndf6 12. c3 Bg4 13. Qf4 Bxf3 14. Rxf3
Kd7 15. Qg3 Nxe4 16. Qg4+ Kc7 17. Qxe4 Bf6 18. Bf4 Qd7 19. Rfe3 Rf8 20. Bc4 Qf5
21. Qf3 Kd8 22. Be6 Qb5 23. Qg3 g5 24. Bxd6 Nh6 25. Bxe7+ Bxe7 26. Qb8# 1-0

[Event "Kieler Open 2014-B"]
[Site "Kiel"]
[Date "2014.08.07"]
[Round "8.5"]
[White "Sowa, Kay"]
[Black "Bornhorst, Lars"]
[Result "1/2-1/2"]
[WhiteElo "1452"]
[BlackElo "1652"]
[PlyCount "99"]
[EventDate "2014.??.??"]
[WhiteTeam "Doppelbauer Kiel"]
[BlackTeam "Bad Essen"]

1. e4 e6 2. d4 d5 3. Nd2 Nf6 4. e5 Nfd7 5. Bd3 c5 6. c3 Nc6 7. Ngf3 Be7 8. O-O
Qb6 9. a3 cxd4 10. cxd4 Nxd4 11. Nxd4 Qxd4 12. Nf3 Qb6 13. Qa4 O-O 14. Qg4 f5
15. exf6 Nxf6 16. Qh4 g6 17. Bh6 Re8 18. Ne5 Qc7 19. Rfe1 Nh5 20. Qg4 Ng7 21.
Bxg7 Kxg7 22. Bxg6 Rf8 23. Bh5+ Kh8 24. Nf7+ Rxf7 25. Bxf7 Bd7 26. Qd4+ e5 27.
Qxe5+ Qxe5 28. Rxe5 Bf6 29. Rxd5 Bc6 30. Rd2 Bg5 31. Rd6 Kg7 32. Bd5 a6 33.
Rxc6 bxc6 34. Bxc6 Rc8 35. Be4 Rc4 36. f3 Bf6 37. Rd1 Bxb2 38. Rd7+ Kf6 39.
Rxh7 Bxa3 40. Kf2 a5 41. h4 a4 42. Rh6+ Ke5 43. Rh5+ Kf6 44. Rf5+ Ke7 45. g4
Bc5+ 46. Ke2 a3 47. Bd5 a2 48. Bxc4 a1=Q 49. Rxc5 Qd4 50. Rc6 {(=)} 1/2-1/2

[Event "Kieler Open 2014-B"]
[Site "Kiel"]
[Date "2014.08.07"]
[Round "8.6"]
[White "Roca Llorca, Josep"]
[Black "Bosselmann, Tom Linus"]
[Result "0-1"]
[WhiteElo "1717"]
[BlackElo "1535"]
[PlyCount "44"]
[EventDate "2014.??.??"]
[BlackTeam "Lübeck"]

1. d4 d5 2. Bf4 c6 3. e3 Nf6 4. Bd3 e6 5. Nd2 Nbd7 6. Ngf3 Be7 7. c3 O-O 8. Ne5
Nxe5 9. dxe5 Nd7 10. h4 f5 11. g4 Nc5 12. Bc2 Ne4 13. gxf5 exf5 14. Qe2 a5 15.
O-O-O Nxc3 16. bxc3 Ba3+ 17. Kb1 Qb6+ 18. Nb3 a4 19. Rhg1 axb3 20. Bxb3 Be6 21.
Kc2 Qc5 22. Rd4 b5 0-1

[Event "Kieler Open 2014-B"]
[Site "Kiel"]
[Date "2014.08.07"]
[Round "8.7"]
[White "Schmieder, Kerstin"]
[Black "Busse, Gerd"]
[Result "1/2-1/2"]
[WhiteElo "1683"]
[BlackElo "1835"]
[PlyCount "75"]
[EventDate "2014.??.??"]
[WhiteTeam "Rodewischer Schachmiezen"]
[BlackTeam "Quickborn"]

1. d4 d5 2. Nc3 Nf6 3. Bg5 Bf5 4. Nf3 c6 5. e3 Nbd7 6. Be2 e6 7. O-O h6 8. Bh4
Bd6 9. Qd2 Qc7 10. Bg3 Ne4 11. Nxe4 Bxe4 12. Rac1 O-O 13. c4 dxc4 14. Bxc4 Nf6
15. Ne5 Bd5 16. Bxd5 exd5 17. f3 Nh5 18. f4 Nf6 19. Bh4 Ne4 20. Qe2 Be7 21. Qg4
Bxh4 22. Qxh4 Qd6 23. Rf3 Qb4 24. Rc2 a5 25. Nd7 Rfe8 26. Re2 Qe7 27. Qg4 Nf6
28. Nxf6+ Qxf6 29. Rf1 Re7 30. Qg3 Rc8 31. Qe1 Re4 32. Rf3 Qe7 33. Qc3 Qb4 34.
Qxb4 axb4 35. Kf2 Ra8 36. b3 Rc8 37. Rc2 Ra8 38. Re2 1/2-1/2

[Event "Kieler Open 2014-B"]
[Site "Kiel"]
[Date "2014.08.07"]
[Round "8.8"]
[White "Isler, Benjamin"]
[Black "Herrmann, Sabine"]
[Result "0-1"]
[WhiteElo "1274"]
[BlackElo "1537"]
[PlyCount "70"]
[EventDate "2014.??.??"]
[WhiteTeam "Flensburg"]
[BlackTeam "SF Hamburg"]

1. b4 e5 2. Bb2 d6 3. c4 Nf6 4. d3 Be7 5. b5 Be6 6. Nd2 O-O 7. h3 c6 8. a4 a6
9. Qb3 Nbd7 10. d4 exd4 11. Bxd4 c5 12. Bc3 d5 13. e3 Nb6 14. a5 dxc4 15. Nxc4
Nbd5 16. bxa6 bxa6 17. Nf3 Rb8 18. Qc2 Nb4 19. Bxb4 cxb4 20. Be2 b3 21. Qb2
Bb4+ 22. Kf1 Ne4 23. Rd1 Qc7 24. Qxb3 Be1 25. Qd3 Nxf2 26. Qc2 Nxh1 27. Kxe1
Qg3+ 28. Kd2 Nf2 29. Rf1 Rfd8+ 30. Kc1 Bxc4 31. Bxc4 Rbc8 32. Rxf2 Rxc4 33.
Qxc4 Qxf2 34. Qc7 Qxe3+ 35. Kb2 Re8 0-1

[Event "Kieler Open 2014-B"]
[Site "Kiel"]
[Date "2014.08.07"]
[Round "8.9"]
[White "Bockelmann, Fred"]
[Black "Kollhoff, Josef"]
[Result "1-0"]
[WhiteElo "1704"]
[BlackElo "1741"]
[PlyCount "31"]
[EventDate "2014.??.??"]
[WhiteTeam "Kieler SG"]
[BlackTeam "Kieler SG"]

1. e4 c6 2. Nf3 d5 3. exd5 cxd5 4. Ne5 a6 5. d4 Nf6 6. Be2 Bf5 7. Nc3 e6 8. g4
Bg6 9. h4 h6 10. Nxg6 fxg6 11. g5 Ng8 12. Bg4 Qd6 13. Qe2 Kd7 14. Bf4 Qxf4 15.
Qxe6+ Kd8 16. Qc8+ 1-0

[Event "Kieler Open 2014-B"]
[Site "Kiel"]
[Date "2014.08.07"]
[Round "8.11"]
[White "Dambrowski, Ralf"]
[Black "Westphal-Stubbe, Siegbert"]
[Result "0-1"]
[WhiteElo "1485"]
[BlackElo "1833"]
[PlyCount "97"]
[EventDate "2014.??.??"]
[WhiteTeam "Agon Neum?"]
[BlackTeam "Plön"]

1. e4 c5 2. Nf3 e6 3. d4 cxd4 4. Nxd4 a6 5. Nc3 d6 6. Be3 Qc7 7. f3 Nd7 8. Be2
Ngf6 9. Qd2 Nb6 10. O-O-O Nc4 11. Bxc4 Qxc4 12. Kb1 Bd7 13. g4 O-O-O 14. Rhg1
Kb8 15. f4 g6 16. e5 Ne8 17. exd6 Bxd6 18. Rge1 Bb4 19. Nde2 Nf6 20. Bd4 Ne4
21. Qe3 Nxc3+ 22. Nxc3 Rhe8 23. Bf6 Be7 24. Qe5+ Qc7 25. Qxc7+ Kxc7 26. Bxe7
Rxe7 27. Nd5+ exd5 28. Rxe7 Kc6 29. Rxf7 Bxg4 30. Re1 b6 31. Rxh7 Rf8 32. Rg7
Rf6 33. a4 Bh5 34. b4 a5 35. c3 d4 36. b5+ Kd6 37. cxd4 Rxf4 38. Rg8 Kd7 39.
Rg7+ Kd6 40. Ree7 Kd5 41. Rd7+ Kc4 42. Rb7 Kb3 43. Rgc7 Bg4 44. Rc1 Rf2 45. Re1
Bf5+ 46. Kc1 Rc2+ 47. Kd1 Bg4+ 48. Re2 Rxe2 49. Kc1 0-1